<?xml version="1.0" encoding="UTF-8"?>
<record
    xmlns:xsi="http://www.w3.org/2001/XMLSchema-instance"
    xsi:schemaLocation="http://www.loc.gov/MARC21/slim http://www.loc.gov/standards/marcxml/schema/MARC21slim.xsd"
    xmlns="http://www.loc.gov/MARC21/slim">

  <leader>04316nam a2200409 i 4500</leader>
  <controlfield tag="001">97103</controlfield>
  <controlfield tag="003">FINmELB</controlfield>
  <controlfield tag="005">20241217172638.0</controlfield>
  <controlfield tag="006">m     o  u        </controlfield>
  <controlfield tag="007">cr cn|||||||||</controlfield>
  <controlfield tag="008">220708s2006    gw      ob    000 0 ger d</controlfield>
  <datafield tag="020" ind1=" " ind2=" ">
    <subfield code="a">3865273114</subfield>
  </datafield>
  <datafield tag="020" ind1=" " ind2=" ">
    <subfield code="a">9783865273116</subfield>
  </datafield>
  <datafield tag="035" ind1=" " ind2=" ">
    <subfield code="a">(OCoLC)1336966530</subfield>
  </datafield>
  <datafield tag="040" ind1=" " ind2=" ">
    <subfield code="a">FINmELB</subfield>
    <subfield code="b">spa</subfield>
    <subfield code="e">rda</subfield>
    <subfield code="c">FINmELB</subfield>
  </datafield>
  <datafield tag="041" ind1="0" ind2=" ">
    <subfield code="a">ger</subfield>
  </datafield>
  <datafield tag="050" ind1="0" ind2="0">
    <subfield code="a">PQ6222</subfield>
    <subfield code="b">.J475 2006</subfield>
  </datafield>
  <datafield tag="080" ind1=" " ind2=" ">
    <subfield code="a">821.134.2</subfield>
  </datafield>
  <datafield tag="082" ind1="0" ind2="4">
    <subfield code="a">862.05230803</subfield>
    <subfield code="2">23</subfield>
  </datafield>
  <datafield tag="100" ind1="1" ind2=" ">
    <subfield code="a">Jeske, Claire-Marie,</subfield>
    <subfield code="e">autor.</subfield>
  </datafield>
  <datafield tag="245" ind1="1" ind2="0">
    <subfield code="a">Letras profanas und letras divinas im Widerstreit :</subfield>
    <subfield code="b">die debatte um die moralische Zul&#xE4;ssigkeit des Theaters im spanischen Barock /</subfield>
    <subfield code="c">Claire-Marie Jeske.</subfield>
  </datafield>
  <datafield tag="264" ind1=" " ind2="1">
    <subfield code="a">Frankfurt am main :</subfield>
    <subfield code="b">Vervuert Verlag,</subfield>
    <subfield code="c">2006.</subfield>
  </datafield>
  <datafield tag="300" ind1=" " ind2=" ">
    <subfield code="a">1 recurso en l&#xED;nea (525 p&#xE1;ginas)</subfield>
  </datafield>
  <datafield tag="336" ind1=" " ind2=" ">
    <subfield code="a">texto</subfield>
    <subfield code="b">txt</subfield>
    <subfield code="2">rdacontent/spa</subfield>
  </datafield>
  <datafield tag="337" ind1=" " ind2=" ">
    <subfield code="a">computadora</subfield>
    <subfield code="b">c</subfield>
    <subfield code="2">rdamedia/spa</subfield>
  </datafield>
  <datafield tag="338" ind1=" " ind2=" ">
    <subfield code="a">recurso en l&#xED;nea</subfield>
    <subfield code="b">cr</subfield>
    <subfield code="2">rdacarrier/spa</subfield>
  </datafield>
  <datafield tag="504" ind1=" " ind2=" ">
    <subfield code="a">Bibliograf&#xED;a: p&#xE1;ginas [475]-513.</subfield>
  </datafield>
  <datafield tag="505" ind1="0" ind2=" ">
    <subfield code="a">Legal -- Inhaltsverzeichnis -- Vorwort -- I. Forschungsstand und interpretativer Neuansatz: die Debatte um die moralische Zul&#xE4;ssigkeit des Theaters als Ausdruck der Konkurrenz zweier Systeme der Weltdeutung -- II. Das Freizeitproblem in der theologischen Debatte: die Begrenztheit der Lebenszeit und ihr rechter Gebrauch -- III. Religi&#xF6;se und profane Kultur: Assimilierung und Distanzierung - Interferenz und Konkurrenz -- IV. Grundlagen der Theaterkritik des Siglo de Oro: die Kirchenv&#xE4;ter und die Scholastik -- V. Spanische Theaterkritik im Siglo de Oro: Theatergegner und Theaterverteidiger -- V, I. Juan de Mariana: Tratado contra los juegos p&#xFA;blicos. Ein Appell an den Monarchen -- V, II. Pedro de Guzm&#xE1;n: Bienes de el honesto trabaio, y da&#xF1;os de la ociosidad. Theaterkritik als Teil der Fr&#xF6;mmigkeitsliteratur -- V, III. Pedro Puente Hurtado de Mendoza: De spe et charitate. Eine moraltheologische Abhandlung zur Klassifikation der S&#xFC;nden -- V, IV. Diego de Vieh: Breve discurso. Pl&#xE4;doyer eines Laien f&#xFC;r die Eigenverantwortung des Menschen -- V, V. Manuel de Guerra y Ribera: Aprobaci&#xF3;n. Theaterverteidigung eines Trinitariers zur Genehmigung der Verdadera Quinta Parte von Calder&#xF3;ns Comedias -- V, VI. Agustin de Herrera: Discvrso teologico, y politico. Ein moraltheologischer Traktat gegen Guerra zur Verteidigung der jesuitischen Theaterfeindlichkeit -- V, VII. Pedro de Fomperosa y Quintana: El Bven Zelo. Ein moraltheologischer Traktat eines jesuitischen Theaterautors gegen Guerra und die zeitgen&#xF6;ssische Comedia -- V, VIII. Pedro de Fomperosa y Quintana: La Evtrapelia. Erneute Replik auf Guerra und auf Tom&#xE1;s de Guzm&#xE1;n -- V, IX. Manuel de Guerra y Ribera: Apelaci&#xF3;n al tribunal de los doctos. Eine Schrift zur Verteidigung der theologischen Lehrmeinung -- V, X. Gonzalo Navarro Castellanos: Discvrsospol&#xED;ticos, y morales. Humanistische Abhandlung eines Priesters gegen die zeitgen&#xF6;ssische Comedia -- V, XI. Ignacio de Camargo: Discvrso theologico sobre los theatros, y comedias de este siglo. Theaterkritik eines jesuitischen Predigers und Volksmissionars -- V, XII. Francisco Antonio de Bances y L&#xF3;pez Candamo: Theatro de los theatros de los passados y presentes siglos. Theaterverteidigung und Regelpoetik eines zeitgen&#xF6;ssischen Theaterautors -- VI. Die Debatte um die Zul&#xE4;ssigkeit des Theaters als Reaktion auf den S&#xE4;kularisierungsprozess der fr&#xFC;hen Neuzeit: Ergebnisse, Konsequenzen und Forschungsausblick -- VII. Appendix: Liste der an der Guerra-Debatte beteiligten Autoren und Werke -- VIII. Literaturverzeichnis -- IX. Verzeichnis der Abk&#xFC;rzungen -- X. Verzeichnis der Abbildungen und Bildnachweise -- XI. Index nominum.</subfield>
  </datafield>
  <datafield tag="588" ind1=" " ind2=" ">
    <subfield code="a">Descripci&#xF3;n basada en metadatos suministrados por el editor y otras fuentes.</subfield>
  </datafield>
  <datafield tag="590" ind1=" " ind2=" ">
    <subfield code="a">Recurso electr&#xF3;nico. Santa Fe, Arg.: elibro, 2022. Disponible v&#xED;a World Wide Web. El acceso puede estar limitado para las bibliotecas afiliadas a elibro.</subfield>
  </datafield>
  <datafield tag="650" ind1=" " ind2="4">
    <subfield code="a">Teatro espa&#xF1;ol</subfield>
    <subfield code="y">S.XVII</subfield>
    <subfield code="x">Historia y cr&#xED;tica.</subfield>
  </datafield>
  <datafield tag="650" ind1=" " ind2="4">
    <subfield code="a">Literatura espa&#xF1;ola</subfield>
    <subfield code="y">S.XVI-XVII</subfield>
    <subfield code="x">Historia y cr&#xED;tica.</subfield>
  </datafield>
  <datafield tag="650" ind1=" " ind2="0">
    <subfield code="a">Spanish drama</subfield>
    <subfield code="y">Classical period, 1500-1700</subfield>
    <subfield code="x">Criticism and interpretation.</subfield>
  </datafield>
  <datafield tag="655" ind1=" " ind2="4">
    <subfield code="a">Libros electr&#xF3;nicos.</subfield>
  </datafield>
  <datafield tag="797" ind1="2" ind2=" ">
    <subfield code="a">elibro, Corp.</subfield>
  </datafield>
  <datafield tag="856" ind1="4" ind2="0">
    <subfield code="u">https://elibro.net/ereader/politecnicointernacional/203831</subfield>
  </datafield>
  <datafield tag="999" ind1=" " ind2=" ">
    <subfield code="c">97103</subfield>
    <subfield code="d">97103</subfield>
  </datafield>
</record>
